Statistics for Garfield Franchise

Click here to take the quiz!

General Stats

  • This quiz has been taken 32 times
  • The average score is 8 of 48

Answer Stats

TypeYearNameInfo% Correct
Comic Strip1978-PresentGarfieldJim Davis
94%
Video Game2004GarfieldHip Games
94%
Film2004Garfield: The Movie20th Century Fox
94%
Video Game2006Garfield: A Tail of Two KittiesThe Game Factory
56%
Film2006Garfield: A Tail of Two Kitties20th Century Fox
50%
TV Show1988-1994Garfield and FriendsCBS
28%
Film2009Garfield's Pet Force20th Century Fox / Lionsgate
28%
TV Show2009-2016The Garfield ShowFrance 3 / Cartoon Network / Boomerang
28%
Video Game2009Garfield Gets RealZoo Digital Publishing / Destination Software Inc. / Funbox Media
22%
Film2007Garfield Gets Real20th Century Fox / Lionsgate
22%
Comic Strip1976-1978JonJim Davis
22%
TV Special1987A Garfield ChristmasCBS
17%
TV Special1984Garfield in the RoughCBS / CITV
17%
Video Game2013Garfield KartMicroids
17%
TV Special1989Garfield's ThanksgivingCBS
17%
TV Special1982Here Comes GarfieldCBS
17%
Comic Strip1986-1989U.S. AcresJim Davis / Brett Koth
17%
TV Special1987Garfield Goes HollywoodCBS
11%
TV Special1988Garfield: His 9 LivesCBS
11%
TV Special1983Garfield on the TownCBS
11%
TV Special1989Garfield's Babes and BulletsCBS
11%
Film2008Garfield's Fun Fest20th Century Fox / Lionsgate
11%
TV Special1985Garfield's Halloween AdventureCBS
11%
Comic Strip1972-1975Gnorm GnatJim Davis
11%
Album1991Am I Cool or What?(Various Artists)
6%
Video Game2006Garfield and His Nine LivesThe Game Factory
6%
Video Game1987Garfield: Big Fat Hairy DealThe Edge
6%
TV Special1991Garfield Gets a LifeCBS
6%
TV Special1986Garfield in ParadiseCBS
6%
Webcomic2008Garfield Minus GarfieldDan Walsh
6%
TV Special1990Garfield's Feline FantasiesCBS
6%
Video Game2007Garfield's NightmareThe Game Factory
6%
TV Special1988Happy Birthday, GarfieldCBS
6%
Children's Book1999Attack of the Lethal LizardsJim Davis / Mark Acey / Gary Barker / Michael Teitelbaum
0%
Video Game1995Garfield: Caught in the ActSega
0%
Video Game1993Garfield LabyrinthKotobuki Systems / Activision
0%
TV Show2019-PresentGarfield OriginsFrance 3
0%
Children's Book2002Garfield's Awesome Ski AdventureElizabeth Gordon
0%
Children's Book2003Garfield's Extreme Cuisine: Pigging the Way Out!Jim Davis / Scott Nickel
0%
Children's Book2003Garfield's IroncatJim Davis / Jim. Kraft / Mark Acey
0%
Children's Book2002Garfield's Sumo Beach BellyballJim Davis / Jugnoo Husain
0%
Video Game2004Garfield: The Search for PookyThe Game Factory
0%
Video Game1989Garfield: Winter's TailThe Edge
0%
Children's Book1998K-Niner: Dog of DoomJim Davis / Michael Teitelbaum
0%
Children's Book1998Menace of the MutanatorMichael Teitelbaum / Jim Davis
0%
Children's Book1998Pie-Rat's RevengeJim Davis
0%
Video Game2010The Garfield Show: Threat of the Space LasagnaZoo Games
0%
Children's Book1998The Outrageous OriginJim Davis / Michael Teitelbaum
0%

Score Distribution

Percentile by Number Answered

Percent of People with Each Score

Your Score History

You have not taken this quiz